Hair transplantation (Record no. 32924)
[ view plain ]
| 000 -LEADER | |
|---|---|
| fixed length control field | 00329nam a22001457a 4500 |
| 003 - CONTROL NUMBER IDENTIFIER | |
| control field | SGT |
| 020 ## - INTERNATIONAL STANDARD BOOK NUMBER | |
| International Standard Book Number | 9789356964419 |
| 082 ## - DEWEY DECIMAL CLASSIFICATION NUMBER | |
| Classification number | 616.024 |
| Item number | H24M |
| 100 ## - MAIN ENTRY--PERSONAL NAME | |
| Personal name | Mysore, Venkataram |
| 245 ## - TITLE STATEMENT | |
| Title | Hair transplantation |
| 250 ## - EDITION STATEMENT | |
| Edition statement | 2nd Ed. |
| 260 ## - PUBLICATION, DISTRIBUTION, ETC. (IMPRINT) | |
| Place of publication, distribution, etc | New Delhi, India |
| Name of publisher, distributor, etc | Jaypee Publishers |
| Year of Publication | 2024 |
| 300 ## - PAGE DESCRIPTION | |
| No. of Pages | 760 |
| 942 ## - ADDED ENTRY ELEMENTS (KOHA) | |
| Source of classification or shelving scheme | Dewey Decimal Classification |
| Koha item type | Books |
| Withdrawn status | Lost status | Source of classification or shelving scheme | Damaged status | Use restrictions | Not for loan | Home library | Current library | Shelving location | Date acquired | Vendor Name | Cost, normal purchase price | SGTU | Bill Number | Total Checkouts | Full call number | Accession No. (Barcode) | Date last seen | Bill Date | Koha item type |
|---|---|---|---|---|---|---|---|---|---|---|---|---|---|---|---|---|---|---|---|
| Dewey Decimal Classification | Restricted Access | Not For Loan | SGT Dental Library | SGT Dental Library | New Materials Shelf | 27/10/2025 | Ahuja Book Co. Pvt. Ltd. | 10495.00 | SGTU | 21713 | 616.024 H24M | FD10103 | 27/10/2025 | Books |